|
|
|
|
| LEADER |
00000nab a2200000 a 4500 |
| 001 |
vtls009511999 |
| 003 |
SK-MaSNL |
| 005 |
20260303061147.0 |
| 008 |
090513c20090512xo drz 0 0slo |
| 038 |
|
|
|a KEVKJB
|
| 040 |
|
|
|a KEVKJB
|b slo
|c KEVKJB
|e AACR2
|
| 041 |
0 |
|
|a slo
|
| 044 |
|
|
|a xo
|c SK
|
| 080 |
|
|
|a 352
|2 2001
|
| 080 |
|
|
|a 35.073.5
|2 2001
|
| 245 |
0 |
0 |
|a Spor o pozemky na Ústavnom súde
|b Košice vs. Kostoľany [i.e.Sokoľany]
|
| 300 |
|
|
|b Fotogr.
|
| 650 |
0 |
7 |
|a katastrálne územia
|x vlastníctvo
|x spory
|2 kevkjb
|9 1032344
|
| 651 |
|
7 |
|a Košice (Slovensko)
|2 kevkjb
|9 18694
|
| 651 |
|
7 |
|a Sokoľany (Slovensko)
|2 kevkjb
|9 31722
|
| 651 |
|
7 |
|a Košice-okolie (Slovensko : okres)
|2 kevkjb
|9 146743
|
| 773 |
0 |
|
|t Košický Korzár
|g Roč. XII, č. 107 (12.5.2009), s. 1
|x 1335-4566
|
| 852 |
|
|
|a KEVKJB
|b KIS3GCP
|
| 999 |
|
|
|c 1734481
|d 1736411
|